|
|
|
|
| LEADER |
00652nab a2200181 i 4500 |
| 001 |
misc26590 |
| 005 |
20191111110401.0 |
| 008 |
170914s1957 hu o 0|| zxx d |
| 040 |
|
|
|a SZTE Miscellanea Repozitórium
|b hun
|
| 041 |
|
|
|a zxx
|
| 100 |
1 |
|
|a Varró Vince
|
| 245 |
1 |
0 |
|a Experimental observations during the development of cinchophen ulcer in dogs
|h [elektronikus dokumentum] /
|c Varró Vince
|
| 260 |
|
|
|c 1957
|
| 300 |
|
|
|a 119-125
|
| 490 |
0 |
|
|a Kolligátum
|
| 695 |
|
|
|a Gyomorbetegségek, Gyomorfekély, Emésztőrendszer - betegségek
|
| 700 |
0 |
1 |
|a Jávor Tibor
|e aut
|
| 856 |
4 |
0 |
|u http://misc.bibl.u-szeged.hu/26590/1/019_009_119-125.pdf
|z Dokumentum-elérés
|